| 000 | 00737nam a2200253Ia 4500 | ||
|---|---|---|---|
| 003 | OSt | ||
| 005 | 20220918170822.0 | ||
| 006 | a|||||r|||| 00| 0 | ||
| 007 | ta | ||
| 008 | 220917b |||||||| |||| 00| 0 eng d | ||
| 020 |
_a9780670084821 (hbk) _c350 |
||
| 024 | _a243,914 | ||
| 037 |
_b178, 23/11/2010, University Book House _cTextual |
||
| 040 |
_aARTS _cARTS _beng |
||
| 041 |
_2eng _aeng |
||
| 082 | _aY:1.281, Q0 | ||
| 100 |
_aDayal Mala Ed. _931440 |
||
| 245 | 0 | _aCelebrating Delhi | |
| 260 |
_aNew York _bPenguin Viking USA _c2010 |
||
| 300 |
_axiv,187p. _ccm. |
||
| 650 | _aSOCIOLOGY | ||
| 942 |
_hY:1.281, Q0 _cTEXL _2CC |
||
| 999 |
_c136008 _d136008 |
||